Diccionario de las religiones (Registro nro. 31581)
[ vista simple ]
| 000 -LÍDER | |
|---|---|
| Campo fijo de descripción fija | 008310000a22002890004500 |
| 001 - NÚMERO DE CONTROL | |
| Campo de control | 25 |
| 003 - IDENTIFICADOR DEL NÚMERO DE CONTROL | |
| Campo de control | CO-MdFUSB |
| 005 - FECHA Y HORA DE LA ULTIMA TRANSACCIÓN | |
| control field | 20160311161837.0 |
| 008 - ELEMENTOS DE LONGITUD FIJA -- INFORMACIÓN GENERAL | |
| Campo fijo de descripción fija -- Información general | 160311t19871987spa |f |||| 00| 0 spa d |
| 010 ## - NÚMERO DE CONTROL DE LA BIBLIOTECA DEL CONGRESO | |
| Número de control LC | CO-MdFUSB |
| 020 ## - NÚMERO INTERNACIONAL NORMALIZADO PARA LIBROS | |
| Número Internacional Normalizado del libro | 84-254-1547-0 |
| 040 ## - FUENTE DE CATALOGACIÓN | |
| Agencia que realiza la transcripción | CO-MdFUSB |
| Convenciones de la descripción | rda |
| 041 0# - CÓDIGO DE IDIOMA | |
| Código de idioma para texto/pista de sonido o título separado | |
| 082 04 - NÚMERO DE CLASIFICACIÓN DECIMAL DEWEY | |
| Número de clasificación | R 203 P8768d |
| 100 1# - ASIENTO PRINCIPAL--NOMBRE PERSONAL | |
| Nombre personal | Poupard, Paul |
| 245 10 - TÍTULO | |
| Título del Material | Diccionario de las religiones |
| Mención de responsabilidad, etc. | / Paul Poupard |
| 260 ## - PUBLICACIÓN, DISTRIBUCIÓN, ETC. (PIE DE IMPRENTA) | |
| Lugar de publicación, distribución, etc. | Barcelona, España : Herder |
| 264 ## - PRODUCCIÓN, PUBLICACIÓN, DISTRIBUCIÓN, MANUFACTURA, Y COPYRIGHT | |
| Lugar de producción, publicación, distribución, manufactura | Barcelona, España |
| Nombre del productor, publicador, distribuidor | : Herder |
| Fecha de producción, publicación, distribución, manufactura, o copyright | 1987 |
| 300 ## - DESCRIPCIÓN FÍSICA | |
| Extensión | 1889 Pag. |
| 336 ## - TIPO DE CONTENIDO | |
| Término de tipo de contenido | |
| 337 ## - TIPO DE MEDIO | |
| Fuente | rdamedia |
| Nombre del tipo de medio | |
| 338 ## - TIPO DE SOPORTE | |
| Nombre del tipo de soporte | |
| 504 ## - NOTA DE BIBLIOGRAFÍA, ETC. | |
| Nota de bibliografía, etc | Incluye referencias bibliográficas: páginas |
| 650 14 - ASIENTO SECUNDARIO DE MATERIA - TERMINO TEMÁTICO | |
| Término temático o nombre geográfico como elemento de entrada | RELIGIONES \ ENCICLOPEDIAS Y DICCIONARIOS |
| 653 ## - TÉRMINO DE INDIZACIÓN - NO CONTROLADO | |
| Término no controlado | RELIGIONES \ ENCICLOPEDIAS Y DICCIONARIOS |
| -- | RELIGIONES \ ENCICLOPEDIAS Y DICCIONARIOS |
| 942 ## - TIPO DE MATERIAL (KOHA) | |
| Tipo de Item KOHA | Libros General |
| Estado de Material | Estado de Perdido | Volumen-Parte/Tomo | Estado de Dañado | No para Préstamo | Colección | Tomo | Biblioteca de Origen | Biblioteca Permanente | Fecha de Adquisición | Total de Préstamos | Signatura Topográfica | Código de Barras | Última vez visto | Ejemplar/Existencia | Fecha de Remplazo | Tipo de Material |
|---|---|---|---|---|---|---|---|---|---|---|---|---|---|---|---|---|
| 1 | Colección de Referencia | Biblioteca FUSBC | Biblioteca FUSBC | 20/08/2004 | R 203 P8768d | 7848 | 07/09/2023 | 1 | 26/01/2016 | Libros de Referencia |
